00497nam a2200145Ia 4500008004100000041000800041082001200049100002400061245004400085260004500129300003100174365001100205999001700216952011800233240624s9999 xx 000 0 und d aeng a330 GOI aGOVERNMENT OF INDIA aECONOMIC SURVEY 2014 15 REAL GDP GROWTH c2015aNew DelhibOxford University Press avii, : 137 : p. : cm. ; 28 cRSb31 c27019d27019 00104070aIMTNbIMTNcRack 4-Bd2016-03-23eBWNg495.00o330 GOIp27019r2024-06-24 00:00:00t1w2024-06-24yBK